Strategic human resource managment. (Record no. 131785)

MARC details
000 -LEADER
fixed length control field 00393nam a2200157Ia 4500
008 - FIXED-LENGTH DATA ELEMENTS--GENERAL INFORMATION
fixed length control field 230917s9999||||xx |||||||||||||| ||und||
040 ## - CATALOGING SOURCE
-- 112128
Original cataloging agency VIVEKANANDA LIBRARY
041 ## - Language
-- English
082 ## - DDC NUMBER
Classification number 658.3 M489S
100 ## - MAIN ENTRY--PERSONAL NAME
Personal name Mello, Jeffrey A
245 #0 - TITLE STATEMENT
Title Strategic human resource managment.
250 ## - EDITION STATEMENT
Edition statement 4th. ed.
260 ## - PUBLICATION, DISTRIBUTION, ETC. (IMPRINT)
Place of publication, distribution, etc Singapore
Name of publisher, distributor, etc Thomson Asia
Date of publication, distribution, etc 2002
300 ## - PHYSICAL DESCRIPTION
Pages xv, 475 p.
942 ## - ADDED ENTRY ELEMENTS (KOHA)
Koha item type Books
Holdings
Withdrawn status Lost status Damaged status Not for loan Location (home branch) Sublocation or collection (holding branch) Date acquired Koha issues (times borrowed) Koha full call number Accession No. Koha date last seen Koha item type
        VIVEKANANDA LIBRARY VIVEKANANDA LIBRARY 23/11/2006   658.3 M489S 230611 17/09/2023 Books
        VIVEKANANDA LIBRARY VIVEKANANDA LIBRARY 23/11/2006   658.3 M489S 290727 17/09/2023 Books
© Designed and Maintained by Vivekananda Library, MDU Rohtak